000 00508nam a22001937a 4500
003 MPLRDC
005 20220104153403.0
008 210129b ||||| |||| 00| 0 eng d
020 _a962-5003-15-3
082 _a947.413 SZZC-32 v.4
100 _a手冢治虫
245 _a手冢治虫短篇漫画. 4
_c
250 _a初版
260 _a
_b文化传信有限公司
_c1994
300 _b
490 _a手冢治虫短篇漫画. 4
650 _a手冢治虫漫画
942 _cBK
_o947.413 SZZC-32 v.4
999 _c53422
_d53412